| 000 | 00985cam a22003017a 4500 | ||
|---|---|---|---|
| 003 | CHAP | ||
| 005 | 20220329132949.0 | ||
| 008 | 971013s1987 r 10010 d | ||
| 010 | _a720 | ||
| 011 | _a1692 | ||
| 035 | _a868 | ||
| 040 | _cCHAP | ||
| 082 |
_a634.909866 _bS4 |
||
| 111 | 0 | 0 |
_aSeminario-Taller de Agroforestería para la Sierra ( _n2 _d: 1987 _c: Loja, Ecuador) _9104373 |
| 245 | 1 | 3 |
_aLa agroforestería en la sierra ecuatoriana _b: memoria... |
| 260 |
_aWashington : _bCuerpo de Paz, _c[1987?] |
||
| 300 |
_a145 p. _b: ilus. |
||
| 590 |
_aBATCH-UPD _b10 _c20130110 _lUCH01 _h1730 |
||
| 590 |
_aBATCH-UPD _b10 _c20130410 _lUCH01 _h1112 |
||
| 590 |
_aBATCH-UPD _b10 _c20130913 _lUCH01 _h2203 |
||
| 590 |
_aCONVERSION _b10 _c20130109 _lUCH01 _h1302 |
||
| 650 | 1 | 4 |
_aAgroforestería. _92156 |
| 650 | 1 | 4 |
_aBosques _xEcuador. _914132 |
| 700 | 0 |
_aRonceros, Elena. _999776 |
|
| 901 | _aBK | ||
| 942 | _cLIBRO | ||
| 949 |
_a634.909866 S4 _bBC _cLIBRO _d33724000232799 _eLIBRO _h76999 _i868 _mD _si |
||
| 999 |
_c720 _d720 |
||